Statistiques concernant cantons suisse

Cliquez ici pour prendre le quiz!

Statistiques générales

  • Ce quiz a été pris 34 fois
  • Le résultat moyen est 16 sur 26

Statistiques - réponses

Hint Answer % Correct
8Geneve
92%
26Zürich
88%
6Berne
84%
24Uri
84%
7Fribourg
84%
22Valais
80%
5Bâle ville
76%
10Grisons
76%
23Vaud
68%
4Bâle campagne
68%
16Neuchatel
68%
21Tessin
64%
11Jura
64%
17Saint-gall
60%
13Nidwald
60%
3Argovie
60%
12Lucerne
60%
14Obwald
60%
15Thurgovie
56%
25Zoug
52%
9Glaris
52%
20Soleure
52%
19Schwytz
52%
18Schaffouse
36%
2Appenzell rhodes-extérieur
24%
1Appenzell rhodes-intérieur
20%

Distribution des résultats

Percentile by Number Answered

% des personnes avec chaque résultat

Votre développement - résultats

Vous n’avez pas pris ce quiz